000 00546nam a2200193 a 4500
005 20231025063621.0
008 100519s1993 mx r 000 0 spa d
020 _a8487265936
035 _aUPN01000175937
049 _aCG
050 4 _aNX440
_bP7.4
245 0 0 _aPrimeras vanguardias artísticas :
_bTextos y documentos /
_ced. Lourdes Cirlot.
260 _aBarcelona, Esp.
_bParsifal,
_c1993.
300 _a319 p. :
_bil.
440 0 _aFiguras ;
_v38
650 4 _aArte
_xHistoria
_92484
700 1 _aCirlot, Lourdes,
_eed.
905 _aLibro
999 _c148040
_d148040